|
|
|
|
| LEADER |
00000nam a2200000 a 4500 |
| 001 |
vtls008773020 |
| 003 |
SK-MaSNL |
| 005 |
20260426002131.0 |
| 008 |
251106s2006 au a n 000 0 ger |
| 015 |
|
|
|a SNBZSA2006-00237
|
| 020 |
|
|
|a 3830511477
|q (brož.)
|
| 020 |
|
|
|a 3708303237
|
| 035 |
|
|
|a F575720E-B4B0-4457-8E7A-EB84135ADE36
|
| 035 |
|
|
|a urn:nbn:sk:snk-amkyso
|
| 035 |
|
|
|a urn:nbn:sk:snk-am008pqd
|
| 040 |
|
|
|a SNK
|b slo
|c SNK
|e AACR2
|
| 041 |
0 |
|
|a ger
|
| 043 |
|
|
|a et-----
|
| 044 |
|
|
|a au
|c at
|a gw
|c DE
|
| 072 |
|
7 |
|a 347
|x Súkromné právo
|2 konspekt
|
| 080 |
|
|
|a 347.235
|x (437.6)
|x (437.3)
|x (439)
|2 2001
|
| 080 |
|
|
|a 332.7
|2 2001
|
| 100 |
1 |
|
|a Ebner, Wolfgang
|4 aut
|9 591923
|
| 245 |
1 |
0 |
|a Beiträge zur Erschließung des Immobilienmarktes
|b Slowakische Republik, Tschechische Republik, Ungarn
|c von Wolfgang Ebner
|
| 260 |
|
|
|a Wien
|b BWV Berliner Wissenschafts-Verlag
|c 2006
|
| 300 |
|
|
|a 124 s.
|c tab.
|c 22cm
|
| 490 |
1 |
|
|a Schriftenreihe des Center of Legal Competence
|v 22
|
| 490 |
1 |
|
|a Recht
|
| 504 |
|
|
|a Bibliogr. odkazy
|
| 650 |
0 |
7 |
|a nehnuteľnosti
|2 SNKPH
|9 3653
|
| 650 |
0 |
7 |
|a právo
|2 SNKPH
|9 976
|
| 651 |
|
7 |
|a Slovensko
|2 SNKPH
|9 14231
|
| 651 |
|
7 |
|a Česko
|2 SNKPH
|9 16753
|
| 651 |
|
7 |
|a Maďarsko
|2 SNKPH
|9 16754
|
| 655 |
|
7 |
|a odborné publikácie
|2 SNKPH
|9 60423
|
| 810 |
2 |
|
|a Center of Legal Competence
|t Schriftenreihe des Center of Legal Competence
|9 348264
|
| 830 |
|
0 |
|a Recht
|9 591924
|
| 919 |
|
|
|a 3-8305-1147-7
|
| 919 |
|
|
|a 3-7083-0323-7
|
| 958 |
|
|
|a ZS
|
| 958 |
|
|
|a CZ
|
| 958 |
|
|
|a HU
|
| 958 |
|
|
|a AT
|
| 958 |
|
|
|a NB
|
| 958 |
|
|
|a DE
|
| 958 |
|
|
|a OND
|
| 999 |
|
|
|c 910685
|d 912615
|
| 952 |
|
|
|a SNK
|b SNK
|y PREZ
|7 0
|p 17A0514790
|o snkSC 124203
|i snk2006/13510
|8 2
|g 42.26
|0 0
|1 0
|4 0
|d 2006-06-14
|f 1
|l 0
|r 2025-06-06 00:00:00
|w 2026-02-24
|